000 01603nam a22002777a 4500
003 BDDh-ASL
005 20231015025651.0
008 200916b2004 ||||| b||| 00| 0 d
040 _aBDDh-ASL
_cBDDh-ASL
_dBDDh-ASL
041 _abengali
082 _a955.297
_bMUI
100 _9800
_aমুতাহহারী, আয়াতুল্লাহ্ মুর্তাজা
245 1 _aইসলাম ও ইরানের পারস্পরিক অবদান/
_cআয়াতুল্লাহ্ মুর্তাজা মুতাহহারী; এ. কে. এম. আনোয়ারুল কবীর (অনু.); সিরাজুল হক (সম্পা.)।
246 _aIslam O Iraner Parasparik Abodan.
260 _aঢাকা:
_bইসলামী প্রজাতন্ত্র ইরান দূতাবাস,
_c২০০৪।
300 _a৪৪০ পৃষ্ঠা:
_c২৫ সে.মি.।
504 _aগ্রন্থপঞ্জি সংযুক্ত।
600 _2ইরান
650 0 _9803
_aইসলাম ও ইরান সম্পর্ক
_xইসলাম ধর্ম
650 0 _aIslamic History (ইসলামের ইতিহাস), Islamic Civilization, ইসলামী সভ্যতা, Isalāmī sabhyatā
_95885
650 0 _aইসলাম ধর্ম (Islamic Religion)
_96085
650 0 _aIran (ইরান)
_96854
700 0 _9801
_aকবীর, এ. কে. এম. আনােয়ারুল
700 0 _9802
_aহক, সিরাজুল
942 _2ddc
_cBK
999 _c17980
_d17980